000 00379nam a22001697a 4500
003 MPLRDC
005 20220104142628.0
008 210129b ||||| |||| 00| 0 eng d
082 _a868.71 Msa
100 _a芒叟著
245 _a椰风蕉雨录
_c
250 _a初版
260 _a
_b香港宏业书局
_c1960
300 _b
650 _a
942 _cBK
_o868.71 Msa
999 _c32420
_d32410